[Event "Barbera del Valles"]
[Site "XXX Open"]
[Date "2007.07.10"]
[Round "5"]
[White "Ryan, Joseph"]
[Black "Bautista Sanchez, Juan"]
[Result "1-0"]
[WhiteElo "2320"]
[BlackElo "2233"]
[PlyCount "93"]
[EventDate "2007.07.??"]
[EventType "swiss"]
[EventRounds "9"]
[EventCountry "ESP"]

1. e4 c6 2. d4 d5 3. Nc3 dxe4 4. Nxe4 Nd7 5. Ng5 Ngf6 6. Bd3 e6 7. N1f3 Bd6 8.
Qe2 Qc7 9. Nxf7 O-O 10. Nxd6 Qxd6 11. O-O Nd5 12. c4 Nf4 13. Bxf4 Rxf4 14. c5
Qe7 15. Rfe1 Nf8 16. Qe5 Qf6 17. Qxf6 Rxf6 18. Ne5 Bd7 19. g3 Be8 20. f3 Rd8
21. Rad1 h5 22. h4 Ng6 23. Bxg6 Bxg6 24. Kf2 Bc2 25. Rd2 Ba4 26. b3 Bb5 27. a4
Ba6 28. b4 Rf5 29. Ke3 Rc8 30. Rb1 b5 31. cxb6 axb6 32. Nd7 c5 33. dxc5 Bb7 34.
f4 bxc5 35. Nxc5 Bc6 36. Rbd1 Bd5 37. a5 Rb8 38. Rb1 g6 39. Nd7 Rb7 40. Ne5 Kg7
41. b5 Rf8 42. a6 Ra7 43. b6 Rxa6 44. b7 Ra3+ 45. Kf2 Rb8 46. Rxd5 exd5 47. Nc6
1-0

[Event "Barbera del Valles"]
[Site "XXX Open"]
[Date "2007.07.10"]
[Round "5"]
[White "Ben Porat, Or"]
[Black "Pena Riasco, Alexander"]
[Result "0-1"]
[WhiteElo "2193"]
[BlackElo "2295"]
[PlyCount "92"]
[EventDate "2007.07.??"]
[EventType "swiss"]
[EventRounds "9"]
[EventCountry "ESP"]

1. e4 c5 2. Nf3 d6 3. d4 cxd4 4. Nxd4 Nf6 5. Nc3 a6 6. Bg5 e6 7. f4 Qc7 8. Qf3
Nbd7 9. O-O-O b5 10. Bd3 Bb7 11. Rhe1 h6 12. Bh4 Be7 13. g4 b4 14. Nce2 Nc5 15.
Bxf6 Bxf6 16. f5 O-O 17. Kb1 d5 18. exd5 Bxd5 19. Qg3 e5 20. Nb3 Nxd3 21. Qxd3
Rfd8 22. Ng3 Bh4 23. Qe3 Rac8 24. Re2 Bg5 25. Qxe5 Bf3 26. Rd4 Rxd4 27. Nxd4
Bxe2 28. Qxc7 Rxc7 29. Ngxe2 Be3 30. b3 Kf8 31. Kb2 Ke7 32. a3 bxa3+ 33. Kxa3
Kd6 34. f6 g6 35. c4 Bxd4 36. Nxd4 Ke5 37. Nc2 Kxf6 38. Nb4 Ke5 39. Nd5 Rb7 40.
Kb2 f5 41. gxf5 gxf5 42. Ne3 h5 43. Kc3 f4 44. Nd1 Rd7 45. Nf2 f3 46. c5 Kf4
0-1

[Event "Barbera del Valles"]
[Site "XXX Open"]
[Date "2007.07.10"]
[Round "5"]
[White "Barbero Senidic, Alejandro"]
[Black "Motoc, Alina"]
[Result "0-1"]
[WhiteElo "2163"]
[BlackElo "2289"]
[PlyCount "58"]
[EventDate "2007.07.??"]
[EventType "swiss"]
[EventRounds "9"]
[EventCountry "ESP"]

1. e4 c5 2. Nf3 d6 3. d4 cxd4 4. Nxd4 Nf6 5. Nc3 a6 6. Bc4 e6 7. Bb3 Nc6 8. Be3
Qc7 9. Qe2 Na5 10. O-O-O b5 11. f3 Nxb3+ 12. axb3 b4 13. Na2 a5 14. Nb5 Qc6 15.
Qc4 Kd7 16. Nxd6 Bxd6 17. Bc5 Ba6 18. Qd4 Ne8 19. Bxd6 Nxd6 20. e5 Rhc8 21.
Qxd6+ Ke8 22. Rd2 Qxd6 23. Rxd6 Rc5 24. f4 Bb7 25. Rd2 a4 26. bxa4 Rxa4 27.
Rhd1 Bd5 28. c4 Rxa2 29. Kb1 b3 0-1

[Event "Barbera del Valles"]
[Site "XXX Open"]
[Date "2007.07.10"]
[Round "5"]
[White "Casanellas Ruano, Lluis"]
[Black "Garcia Jimenez, Francisco Javier"]
[Result "0-1"]
[WhiteElo "2091"]
[BlackElo "2287"]
[PlyCount "50"]
[EventDate "2007.07.??"]
[EventType "swiss"]
[EventRounds "9"]
[EventCountry "ESP"]

1. e4 d5 2. exd5 Qxd5 3. Nc3 Qa5 4. d4 Nf6 5. Nf3 Bf5 6. Bc4 c6 7. Bd2 e6 8.
Qe2 Bb4 9. O-O-O Nbd7 10. Rhe1 O-O-O 11. Nh4 Nb6 12. Nxf5 Qxf5 13. Bd3 Qg4 14.
a3 Bxc3 15. Bxc3 Qxg2 16. Rg1 Qxh2 17. Kb1 Rhg8 18. Rg3 Qh5 19. f3 Nbd5 20. Bd2
Qh4 21. Rdg1 g6 22. Qe5 Nd7 23. Bg5 Nxe5 24. Bxh4 Nxd3 25. Bxd8 N3f4 0-1

[Event "Barbera del Valles"]
[Site "XXX Open"]
[Date "2007.07.10"]
[Round "5"]
[White "Chamba, Antoine"]
[Black "Ridameya Tatche, Jose"]
[Result "1-0"]
[WhiteElo "2091"]
[BlackElo "2109"]
[PlyCount "57"]
[EventDate "2007.07.??"]
[EventType "swiss"]
[EventRounds "9"]
[EventCountry "ESP"]

1. e4 e5 2. Nf3 Nc6 3. Nc3 Nf6 4. a3 d5 5. Bb5 d4 6. Ne2 Bd6 7. d3 Bd7 8. O-O
h6 9. Ne1 g5 10. c3 Bc5 11. Bxc6 Bxc6 12. Nf3 Qd6 13. cxd4 Bxd4 14. Nexd4 exd4
15. e5 Bxf3 16. gxf3 Qc6 17. exf6 O-O-O 18. Re1 Qxf6 19. Re4 h5 20. Bd2 Rhg8
21. Rc1 c6 22. Qe2 g4 23. fxg4 hxg4 24. Bf4 Qf5 25. Bg3 Qg5 26. Re1 f5 27. Bf4
Qg6 28. Re7 Rg7 29. Qe5 1-0

[Event "Barbera del Valles"]
[Site "XXX Open"]
[Date "2007.07.10"]
[Round "5"]
[White "Torner Planell, Jordi"]
[Black "Barranco Montilla, Cristobal"]
[Result "0-1"]
[WhiteElo "1977"]
[BlackElo "2294"]
[PlyCount "78"]
[EventDate "2007.07.??"]
[EventType "swiss"]
[EventRounds "9"]
[EventCountry "ESP"]

1. Nf3 g6 2. c4 c5 3. Nc3 Bg7 4. g3 Nc6 5. Bg2 d6 6. b3 e5 7. e4 Nge7 8. d3 O-O
9. Bb2 h6 10. Qd2 Rb8 11. h3 Be6 12. Nd5 Nd4 13. Nxd4 exd4 14. Nxe7+ Qxe7 15.
O-O f5 16. f4 Kh7 17. Rae1 Qd7 18. Kh2 b5 19. exf5 Bxf5 20. g4 Be6 21. Be4 Bf7
22. f5 Be5+ 23. Kg1 bxc4 24. dxc4 g5 25. f6+ Kh8 26. Bf5 Be6 27. h4 Bxf5 28.
Rxf5 Bxf6 29. Bc1 Bg7 30. Ref1 Rxf5 31. gxf5 Bf6 32. Qe2 Qg7 33. Rf2 gxh4+ 34.
Rg2 Bg5 35. Qe6 Rg8 36. Qe4 Be3+ 37. Bxe3 Qxg2+ 38. Qxg2 Rxg2+ 39. Kxg2 dxe3
0-1

[Event "Barbera del Valles"]
[Site "XXX Open"]
[Date "2007.07.10"]
[Round "5"]
[White "Nadal Garcia, Lluis"]
[Black "Benedic, Patrick"]
[Result "0-1"]
[WhiteElo "2073"]
[BlackElo "2053"]
[PlyCount "34"]
[EventDate "2007.07.??"]
[EventType "swiss"]
[EventRounds "9"]
[EventCountry "ESP"]

1. e4 e5 2. d4 exd4 3. Qxd4 Nc6 4. Qe3 g6 5. Nc3 Bg7 6. Bd2 Nf6 7. O-O-O O-O 8.
Bc4 Re8 9. f3 Na5 10. Qd3 Nxc4 11. Qxc4 c6 12. Bf4 d5 13. exd5 cxd5 14. Qc7
Qxc7 15. Bxc7 Bf5 16. Nge2 Rac8 17. Bg3 Rxe2 0-1

[Event "Barbera del Valles"]
[Site "XXX Open"]
[Date "2007.07.10"]
[Round "5"]
[White "Losada Cabrera, Francisco Javier"]
[Black "Del Valle Cirera, Adria"]
[Result "0-1"]
[WhiteElo "2163"]
[BlackElo "2072"]
[PlyCount "128"]
[EventDate "2007.07.??"]
[EventType "swiss"]
[EventRounds "9"]
[EventCountry "ESP"]

1. e4 e5 2. Nf3 Nc6 3. d4 exd4 4. Bc4 Bc5 5. O-O Nge7 6. Ng5 d5 7. exd5 Ne5 8.
Bb3 N7g6 9. f4 Ng4 10. Re1+ Kf8 11. Qd3 h6 12. Nf3 Bb6 13. h3 Nf6 14. Qc4 Qd6
15. Bd2 a5 16. Na3 Nxf4 17. Bxf4 Qxf4 18. Rad1 a4 19. Qb4+ Kg8 20. Bc4 Bd7 21.
Qd2 Qxd2 22. Nxd2 Bc5 23. Kh1 Bxa3 24. bxa3 b5 25. Be2 Nxd5 26. Bf3 Be6 27. Ne4
Rc8 28. Rxd4 c5 29. Rd2 Nb6 30. Nd6 Nc4 31. Rd3 Nxd6 32. Rxd6 Kh7 33. Be4+ g6
34. Bc6 Bc4 35. Bd7 Rcd8 36. Re7 Kg7 37. Re5 Be6 38. Rdxe6 fxe6 39. Bxb5 Kf6
40. Rxc5 Rc8 41. Rxc8 Rxc8 42. Bxa4 Ra8 43. Bb3 Rxa3 44. Kh2 e5 45. Kg3 Ra5 46.
a4 Rc5 47. Kf3 Kf5 48. Kf2 Ke4 49. Ke2 Kd4 50. Kf3 Rc3+ 51. Ke2 e4 52. Kf2 g5
53. Ke2 h5 54. Kf2 g4 55. hxg4 hxg4 56. a5 g3+ 57. Ke2 Rc5 58. a6 Ra5 59. Bf7
Rxa6 60. c3+ Ke5 61. Bg8 Rf6 62. Bh7 Rf2+ 63. Ke3 Rxg2 64. Bxe4 Rb2 0-1

[Event "Barbera del Valles"]
[Site "XXX Open"]
[Date "2007.07.10"]
[Round "5"]
[White "Mohota, Swati"]
[Black "Costa Trave, Jaume"]
[Result "1-0"]
[WhiteElo "2121"]
[BlackElo "2013"]
[PlyCount "103"]
[EventDate "2007.07.??"]
[EventType "swiss"]
[EventRounds "9"]
[EventCountry "ESP"]

1. d4 d5 2. c4 Bf5 3. cxd5 Bxb1 4. Qa4+ c6 5. Rxb1 Qxd5 6. Nf3 Nd7 7. b4 e6 8.
e3 Ngf6 9. Qc2 Bd6 10. Bd3 Qh5 11. h3 e5 12. Bf5 g6 13. g4 Qh6 14. Bxd7+ Nxd7
15. dxe5 Be7 16. Qc3 O-O-O 17. b5 c5 18. e4 Qf8 19. Bf4 Nb6 20. a4 Kb8 21. a5
Nc8 22. b6 a6 23. e6+ Bd6 24. Bxd6+ Qxd6 25. Ng5 fxe6 26. Nf7 Qf4 27. Qg3 Qxg3
28. fxg3 Ne7 29. Nxh8 Rxh8 30. Rc1 Rc8 31. Rf1 h5 32. g5 c4 33. Rf7 Re8 34.
Rxc4 Nc6 35. Rc5 Rg8 36. Rf6 Kc8 37. Rxe6 Kd7 38. Rf6 Re8 39. Rf7+ Kc8 40. Rf4
Kd7 41. Rd5+ Kc8 42. Ke2 Nb4 43. Rc5+ Nc6 44. Ke3 Kd7 45. Rf7+ Kc8 46. Kf4 Kb8
47. Rd5 Rg8 48. e5 Re8 49. e6 Kc8 50. Rc7+ Kb8 51. e7 h4 52. Rxc6 1-0

[Event "Barbera del Valles"]
[Site "XXX Open"]
[Date "2007.07.10"]
[Round "5"]
[White "Penas Hernandez, Yolanda"]
[Black "Sanahuja Palomo, Alex"]
[Result "1-0"]
[WhiteElo "2034"]
[BlackElo "2029"]
[PlyCount "89"]
[EventDate "2007.07.??"]
[EventType "swiss"]
[EventRounds "9"]
[EventCountry "ESP"]

1. e4 e5 2. Nf3 Nc6 3. Bb5 a6 4. Ba4 b5 5. Bb3 d6 6. d3 Be7 7. c3 Nf6 8. O-O
O-O 9. Re1 Re8 10. Nbd2 Bf8 11. Ng5 Re7 12. Nf1 Bg4 13. Nf3 h6 14. h3 Be6 15.
Bc2 g6 16. Nh4 Bg7 17. Qf3 Rd7 18. Be3 Nxe4 19. Nxg6 fxg6 20. Qxe4 Ne7 21. d4
Kh7 22. Ng3 Nf5 23. Qf3 Rf7 24. dxe5 Bxe5 25. Qe4 Nh4 26. f4 Bf5 27. Nxf5 gxf5
28. Qd5 Qg8 29. fxe5 dxe5 30. Re2 Rd8 31. Qb7 e4 32. Bb3 Nf3+ 33. Kf2 Ne5 34.
Bxf7 Qxf7 35. Kg1 Qg7 36. Kh1 Qg3 37. Qxc7+ Rd7 38. Qb6 f4 39. Bf2 Qd3 40. Rae1
f3 41. Re3 fxg2+ 42. Kxg2 Rg7+ 43. Kh1 Qd7 44. Qd4 Qe6 45. Qxe4+ 1-0

[Event "Barbera del Valles"]
[Site "XXX Open"]
[Date "2007.07.11"]
[Round "6"]
[White "Czakon, Jakub"]
[Black "Camarena Gimenez, Rufino"]
[Result "0-1"]
[WhiteElo "2505"]
[BlackElo "2332"]
[PlyCount "122"]
[EventDate "2007.07.??"]
[EventType "swiss"]
[EventRounds "9"]
[EventCountry "ESP"]

1. d4 d5 2. c4 c6 3. Nc3 Nf6 4. e3 g6 5. Nf3 Bg7 6. Bd3 O-O 7. O-O Nbd7 8. cxd5
cxd5 9. Qb3 e6 10. Bd2 a6 11. Rfc1 b6 12. Na4 Re8 13. Bb4 Ne4 14. Qc2 Bb7 15.
Qc7 Rb8 16. Qxd8 Rexd8 17. Rc7 Bf6 18. Rac1 e5 19. Bf1 exd4 20. exd4 Ng5 21.
Nxg5 Bxg5 22. Re1 Bf4 23. Rc2 Rbc8 24. Rxc8 Rxc8 25. g3 Bg5 26. h4 Bd8 27. Bh3
f5 28. Re6 Kf7 29. Rd6 Bc6 30. Bg2 Bxa4 31. Bxd5+ Kg7 32. b3 Be7 33. bxa4 Bxd6
34. Bxd6 Rc1+ 35. Kg2 Rd1 36. Bb3 Rxd4 37. Ba3 Re4 38. f3 Re8 39. a5 bxa5 40.
Bb2+ Nf6 41. Kf2 h5 42. Bc3 Rc8 43. Be5 Rc6 44. Ke3 Kh7 45. Kd4 Nd7 46. Bf4 Nb6
47. a4 Nc8 48. Bc4 Rb6 49. Bd2 Rd6+ 50. Ke3 Nb6 51. Bb3 Nd5+ 52. Ke2 Nb4 53.
Bf4 Rd3 54. Be6 Ra3 55. Bd7 Nc2 56. Kf2 Nd4 57. Bc7 Rxf3+ 58. Kg2 Rd3 59. Be8
Rd2+ 60. Kf1 Re2 61. Bc6 Rc2 0-1

[Event "Barbera del Valles"]
[Site "XXX Open"]
[Date "2007.07.11"]
[Round "6"]
[White "Nijboer, Friso"]
[Black "Asis Gargatagli, Hipolit"]
[Result "1/2-1/2"]
[WhiteElo "2568"]
[BlackElo "2374"]
[PlyCount "180"]
[EventDate "2007.07.??"]
[EventType "swiss"]
[EventRounds "9"]
[EventCountry "ESP"]

1. e4 e5 2. Nf3 Nc6 3. Bb5 a6 4. Ba4 Nf6 5. O-O Be7 6. Re1 b5 7. Bb3 d6 8. c3
O-O 9. h3 Nd7 10. d4 Bf6 11. a4 Bb7 12. Na3 exd4 13. cxd4 Re8 14. axb5 axb5 15.
Bf4 Na5 16. Bc2 b4 17. Nb5 Bc6 18. Qd3 b3 19. Bb1 Qb8 20. Nc3 g6 21. Bd2 Nb6
22. Nd5 Bxd5 23. Rxa5 Bc4 24. Qc3 Rxa5 25. Qxa5 Qa8 26. Qc3 c5 27. e5 Bg7 28.
Bg5 dxe5 29. dxe5 Bd5 30. Qxc5 Bxf3 31. gxf3 Nd7 32. Qc1 Nxe5 33. Be4 Qc8 34.
Qxc8 Rxc8 35. Kg2 h6 36. Bf4 Nc4 37. Bd5 Nxb2 38. Re7 Nd3 39. Rxf7 Nxf4+ 40.
Rxf4+ Kh8 41. Bxb3 Rf8 42. Rc4 Kh7 43. f4 h5 44. Bc2 Rf7 45. Rc6 Rf6 46. Rc5
Rxf4 47. Rxh5+ Bh6 48. Rc5 Bg7 49. Rg5 Bd4 50. f3 Rf6 51. h4 Be3 52. Re5 Bf4
53. Re4 Kh6 54. Ra4 Bc1 55. Kg3 Bd2 56. Rc4 Be1+ 57. Kg2 Bd2 58. Bd3 Be3 59.
Re4 Bf4 60. Rd4 Be3 61. Rd8 Bc1 62. Rd7 Bf4 63. Bc4 Rf8 64. Rb7 Be3 65. Bd5 Bf4
66. Rb6 Rd8 67. Bf7 Rd6 68. Rb4 Rf6 69. Be8 Rf8 70. Re4 Rf6 71. Kh3 Bd6 72. Kg4
Bc7 73. f4 Rxf4+ 74. Rxf4 Bxf4 75. Kxf4 Kh7 76. Kg5 Kh8 77. Ba4 Kh7 78. Bb3 Kh8
79. Bc2 Kg7 80. Bd3 Kh8 81. Kf6 Kg8 82. Be4 Kh8 83. Bf3 Kg8 84. Be2 Kh8 85. Kf7
Kh7 86. Kf8 Kh8 87. Kf7 Kh7 88. Bd3 Kh6 89. Be2 g5 90. hxg5+ Kxg5 1/2-1/2

[Event "Barbera del Valles"]
[Site "XXX Open"]
[Date "2007.07.11"]
[Round "6"]
[White "Gonzalez Vidal, Yuri"]
[Black "Teske, Henrik"]
[Result "1/2-1/2"]
[WhiteElo "2475"]
[BlackElo "2578"]
[PlyCount "38"]
[EventDate "2007.07.??"]
[EventType "swiss"]
[EventRounds "9"]
[EventCountry "ESP"]

1. e4 e6 2. d4 d5 3. e5 c5 4. c3 Nc6 5. Nf3 Bd7 6. Be2 Nh6 7. O-O Nf5 8. dxc5
Bxc5 9. b4 Bb6 10. Bd3 Nh4 11. Bf4 Ng6 12. Bg3 f6 13. Nbd2 O-O 14. exf6 Qxf6
15. b5 Nce5 16. Bxg6 Nxg6 17. c4 Nf4 18. a4 Rac8 19. Qb3 Ne2+ 1/2-1/2

[Event "Barbera del Valles"]
[Site "XXX Open"]
[Date "2007.07.11"]
[Round "6"]
[White "Corrales Jimenez, Fidel"]
[Black "Perez Mitjans, Orelvis"]
[Result "1-0"]
[WhiteElo "2499"]
[BlackElo "2412"]
[PlyCount "115"]
[EventDate "2007.07.??"]
[EventType "swiss"]
[EventRounds "9"]
[EventCountry "ESP"]

1. e4 c5 2. Nf3 Nc6 3. d4 cxd4 4. Nxd4 g6 5. c4 Nf6 6. Nc3 Nxd4 7. Qxd4 d6 8.
Be3 Bg7 9. Be2 O-O 10. Qd2 Be6 11. f3 Qa5 12. Rc1 Rfc8 13. b3 a6 14. Na4 Qxd2+
15. Kxd2 Nd7 16. g4 f5 17. exf5 gxf5 18. h3 Rf8 19. f4 Nf6 20. Rhg1 Ne4+ 21.
Ke1 Rad8 22. Nb6 Nc3 23. Bf3 Nxa2 24. Rc2 Nb4 25. Rcg2 fxg4 26. Bxg4 Bxg4 27.
Rxg4 Rf7 28. Bd2 Nc2+ 29. Kd1 Nd4 30. Bc3 Nf5 31. Nd5 e6 32. Bxg7 Nxg7 33. Nb4
Kh8 34. Nd3 Nf5 35. Re1 Rf6 36. Nf2 h6 37. Ne4 Rf7 38. Rg6 e5 39. fxe5 dxe5+
40. Kc2 Rg7 41. Rxg7 Kxg7 42. Nc5 Kf6 43. Nxb7 Nd4+ 44. Kc3 Rg8 45. Nc5 Rg3+
46. Kb4 Rxh3 47. Ka4 Kf5 48. Rf1+ Nf3 49. Nxa6 e4 50. Nb4 e3 51. Nc2 Ke4 52. c5
e2 53. Rc1 Rh5 54. b4 Ne5 55. Ne1 Ke3 56. c6 Nxc6 57. Rxc6 Kf2 58. Nc2 1-0

[Event "Barbera del Valles"]
[Site "XXX Open"]
[Date "2007.07.11"]
[Round "6"]
[White "Mohota, Nisha"]
[Black "Narciso Dublan, Marc"]
[Result "0-1"]
[WhiteElo "2332"]
[BlackElo "2552"]
[PlyCount "60"]
[EventDate "2007.07.??"]
[EventType "swiss"]
[EventRounds "9"]
[EventCountry "ESP"]

1. d4 Nf6 2. c4 e6 3. Nc3 Bb4 4. Qc2 O-O 5. a3 Bxc3+ 6. Qxc3 Ne4 7. Qc2 f5 8.
Nh3 d6 9. f3 Nf6 10. e3 e5 11. dxe5 dxe5 12. Bd2 Qe7 13. Nf2 Nc6 14. Bd3 e4 15.
fxe4 fxe4 16. Bxe4 Nxe4 17. Qxe4 Qxe4 18. Nxe4 Ne5 19. Bc3 Nxc4 20. O-O-O Nxe3
21. Rd3 Ng4 22. Rg3 Bf5 23. h3 Rae8 24. Nc5 Nf6 25. Nxb7 Nh5 26. Rg5 Bg6 27.
Re1 Nf4 28. Nc5 Ne2+ 29. Rxe2 Rxe2 30. Kd1 Rff2 0-1

[Event "Barbera del Valles"]
[Site "XXX Open"]
[Date "2007.07.11"]
[Round "6"]
[White "Pena Riasco, Alexander"]
[Black "Fluvia, Jordi"]
[Result "1/2-1/2"]
[WhiteElo "2295"]
[BlackElo "2497"]
[PlyCount "127"]
[EventDate "2007.07.??"]
[EventType "swiss"]
[EventRounds "9"]
[EventCountry "ESP"]

1. d4 d5 2. c4 e5 3. dxe5 d4 4. Nf3 Nc6 5. Nbd2 Nge7 6. Nb3 Nf5 7. e4 dxe3 8.
Qxd8+ Nxd8 9. fxe3 Bb4+ 10. Kf2 O-O 11. Bd3 Nh6 12. h3 Ne6 13. Bd2 Bxd2 14.
Nbxd2 Nc5 15. Bc2 Bf5 16. e4 Be6 17. b4 Na6 18. Rhb1 c5 19. a3 Rad8 20. Ke3 Kh8
21. Ba4 Ng8 22. Bb5 Nb8 23. bxc5 Rc8 24. Ba4 Rc7 25. Rb2 Na6 26. c6 bxc6 27.
Rab1 Nc5 28. Bc2 Ne7 29. Kd4 Nd7 30. Rb7 c5+ 31. Kc3 Rfc8 32. Nf1 Ng6 33. Ne3
Ngxe5 34. Nxe5 Nxe5 35. Nd5 Rxb7 36. Rxb7 a6 37. Ra7 h5 38. Rxa6 h4 39. a4 g5
40. a5 Kg7 41. Ba4 g4 42. hxg4 Bxg4 43. Rb6 Be2 44. Bb5 Bd3 45. Nf6 Bf1 46.
Nh5+ Kh7 47. Nf4 Bxg2 48. Ba6 Ra8 49. Bb7 Rxa5 50. Nxg2 h3 51. Nf4 Ra3+ 52. Kc2
Ra2+ 53. Kc3 Ra3+ 54. Kc2 Nxc4 55. Rf6 h2 56. e5 Nxe5 57. Rf5 Nf3 58. Rh5+ Kg7
59. Kb2 Re3 60. Rh3 c4 61. Nh5+ Kf8 62. Bxf3 h1=Q 63. Rxh1 Rxf3 64. Rc1 1/2-1/2

[Event "Barbera del Valles"]
[Site "XXX Open"]
[Date "2007.07.11"]
[Round "6"]
[White "Almeida Toledano, Daniel"]
[Black "Pakleza, Zbigniew"]
[Result "1/2-1/2"]
[WhiteElo "2254"]
[BlackElo "2463"]
[PlyCount "60"]
[EventDate "2007.07.??"]
[EventType "swiss"]
[EventRounds "9"]
[EventCountry "ESP"]

1. e4 e5 2. Nf3 d6 3. d4 exd4 4. Qxd4 Nf6 5. Bg5 Be7 6. Nc3 h6 7. Bf4 O-O 8.
O-O-O Nc6 9. Qd2 Be6 10. h3 a6 11. Kb1 b5 12. Bd3 Nb4 13. Rhe1 Re8 14. g4 c5
15. g5 Qa5 16. a3 Nxd3 17. Qxd3 hxg5 18. Nxg5 Bc4 19. Qd2 b4 20. Nd5 Nxd5 21.
exd5 Bf6 22. Rxe8+ Rxe8 23. Re1 Rb8 24. Bxd6 Bxg5 25. f4 Ba2+ 26. Kc1 Rd8 27.
fxg5 Qb5 28. g6 fxg6 29. Qf4 bxa3 30. bxa3 Bxd5 1/2-1/2

[Event "Barbera del Valles"]
[Site "XXX Open"]
[Date "2007.07.11"]
[Round "6"]
[White "Garcia Jimenez, Francisco Javier"]
[Black "Vehi Bach, Victor"]
[Result "0-1"]
[WhiteElo "2287"]
[BlackElo "2388"]
[PlyCount "112"]
[EventDate "2007.07.??"]
[EventType "swiss"]
[EventRounds "9"]
[EventCountry "ESP"]

1. e4 c5 2. Nc3 Nc6 3. g3 g6 4. Bg2 Bg7 5. d3 d6 6. Nge2 Nf6 7. O-O O-O 8. f4
Rb8 9. h3 Nd7 10. Be3 Nd4 11. Qd2 b5 12. Rae1 b4 13. Nd1 Qc7 14. c3 Nxe2+ 15.
Rxe2 Qa5 16. cxb4 cxb4 17. a3 Nc5 18. axb4 Rxb4 19. Nc3 Nb3 20. Qe1 e6 21. Na2
Ra4 22. Qxa5 Rxa5 23. Nb4 Nd4 24. Bxd4 Bxd4+ 25. Kh2 Rc5 26. e5 dxe5 27. Nc6
Bd7 28. Nxe5 Bb5 29. Rd1 Rd8 30. Nc4 Rc7 31. Bf3 Bxc4 32. dxc4 Rxc4 33. Red2
Rb4 34. Be2 Kf8 35. b3 Ke7 36. Bc4 Bb6 37. Rxd8 Bxd8 38. Kg2 a5 39. Ra1 Rb7 40.
Rd1 Bc7 41. Kf3 Bd6 42. Ra1 Bb4 43. Rd1 Rc7 44. Bb5 h6 45. Rd3 $11 Kf6 46. h4
Rc5 47. Be8 Rc8 48. Bd7 Rc2 49. g4 h5 50. gxh5 gxh5 51. Be8 Rc8 52. Bd7 Rg8 53.
Bb5 Rg4 54. Rd7 Rxh4 55. Ra7 Rh3+ 56. Ke4 Bc5 0-1

[Event "Barbera del Valles"]
[Site "XXX Open"]
[Date "2007.07.11"]
[Round "6"]
[White "Rojas Keim, Luis"]
[Black "Ryan, Joseph"]
[Result "1/2-1/2"]
[WhiteElo "2385"]
[BlackElo "2320"]
[PlyCount "117"]
[EventDate "2007.07.??"]
[EventType "swiss"]
[EventRounds "9"]
[EventCountry "ESP"]

1. e4 e6 2. d4 d5 3. e5 c5 4. c3 Nc6 5. Nf3 Bd7 6. Be2 Rc8 7. O-O a6 8. a3 cxd4
9. cxd4 Nge7 10. b4 Nf5 11. Bb2 h5 12. Nbd2 Na7 13. Bd3 g5 14. Bxf5 exf5 15.
Nb3 g4 16. Ne1 Ba4 17. Nd3 Nb5 18. Ndc5 Bxc5 19. dxc5 d4 20. Qd3 Qd5 21. Qxf5
Qe6 22. Qxe6+ fxe6 23. Nxd4 Nxd4 24. Bxd4 Rd8 25. Bc3 Rd3 26. Rac1 Kf7 27. f3
gxf3 28. Rxf3+ Rxf3 29. gxf3 Rd8 30. Kf2 Rd1 31. Rxd1 Bxd1 32. Ke3 Ba4 33. f4
Kg6 34. Kd4 Kf5 35. Bd2 Bb5 36. Kc3 Ba4 37. Kc4 Kg4 38. Kd4 Kf5 39. Ke3 Bc6 40.
h3 Bg2 41. Kf2 Bc6 42. Kg3 Kg6 43. Kh4 Be8 44. Bc3 Kf5 45. c6 bxc6 46. Bd2 Bg6
47. Be3 Be8 48. Kg3 Ke4 49. Bc5 Bg6 50. Be7 Bf5 51. Bg5 Kd4 52. Kh4 Kc4 53. Be7
Kb5 54. Kxh5 Bxh3 55. Kg5 a5 56. Kf6 axb4 57. axb4 Bf5 58. Bc5 Bh3 59. Ke7
1/2-1/2

[Event "Barbera del Valles"]
[Site "XXX Open"]
[Date "2007.07.11"]
[Round "6"]
[White "Aloma Vidal, Robert"]
[Black "Motoc, Alina"]
[Result "1/2-1/2"]
[WhiteElo "2341"]
[BlackElo "2289"]
[PlyCount "105"]
[EventDate "2007.07.??"]
[EventType "swiss"]
[EventRounds "9"]
[EventCountry "ESP"]

1. d4 Nf6 2. Nf3 g6 3. Nc3 d5 4. Bf4 Bg7 5. Qd2 Bf5 6. Ne5 O-O 7. f3 c5 8. e3
Nh5 9. g4 Nxf4 10. gxf5 cxd4 11. Qxd4 Nh5 12. Bb5 e6 13. O-O-O Qf6 14. fxe6
fxe6 15. f4 g5 16. Rhg1 gxf4 17. h4 Kh8 18. Rg5 Ng3 19. exf4 Bh6 20. Rg1 Qxf4+
21. Qxf4 Rxf4 22. R1xg3 Bxg5 23. hxg5 d4 24. g6 dxc3 25. gxh7 cxb2+ 26. Kxb2
Rb4+ 27. Rb3 Rxb3+ 28. axb3 Kxh7 29. Bc4 Kg7 30. Nd3 Kf6 31. Nf4 Nd7 32. Bxe6
Ke5 33. Bxd7 Kxf4 34. Be6 Ke5 35. Bc4 Rc8 36. Bd3 Kd4 37. Bf5 Rf8 38. Bd3 Rf6
39. Bh7 a5 40. Bd3 Rb6 41. Ka3 Rb4 42. Kb2 Kc5 43. Ka3 Rf4 44. Bg6 b5 45. Bh7
Rf3 46. Kb2 Kb4 47. Be4 Rf2 48. Bc6 a4 49. bxa4 bxa4 50. Be4 a3+ 51. Ka2 Kc3
52. Kxa3 Rf7 53. Ka2 1/2-1/2

[Event "Barbera del Valles"]
[Site "XXX Open"]
[Date "2007.07.11"]
[Round "6"]
[White "Canal Oliveras, Joan"]
[Black "Moreto Quintana, Alex"]
[Result "0-1"]
[WhiteElo "2236"]
[BlackElo "2153"]
[PlyCount "102"]
[EventDate "2007.07.??"]
[EventType "swiss"]
[EventRounds "9"]
[EventCountry "ESP"]

1. d4 e6 2. e4 d5 3. Nc3 Bb4 4. e5 Qd7 5. a3 Bxc3+ 6. bxc3 b6 7. h4 Ba6 8. h5
Bxf1 9. Kxf1 Qb5+ 10. Ne2 Nc6 11. h6 Nxh6 12. Bxh6 gxh6 13. Rxh6 O-O-O 14. a4
Qc4 15. Qd3 Qxd3 16. cxd3 Ne7 17. Nf4 Kb7 18. Ke2 Ng8 19. Rh3 h6 20. g4 Rh7 21.
g5 Rg7 22. gxh6 Rh7 23. Rg1 Ne7 24. Rg7 Rdh8 25. Rxh7 Rxh7 26. Kf3 Nf5 27. Kg4
Rxh6 28. Kg5 Rxh3 29. Nxh3 Kc8 30. Kf6 Kd7 31. Kxf7 a5 32. Nf4 c6 33. Kf6 Nh6
34. c4 Ng4+ 35. Kf7 Nh6+ 36. Kg6 Nf5 37. Ne2 b5 38. cxb5 cxb5 39. axb5 a4 40.
Kg5 a3 41. Nc1 Nxd4 42. Na2 Nxb5 43. Kf4 d4 44. Kf3 Nc3 45. Nb4 Ke8 46. Nc2 a2
47. Na1 Kf7 48. Nb3 Kg6 49. Kf4 Na4 50. Na1 Nc5 51. f3 Kh5 0-1

[Event "Barbera del Valles"]
[Site "XXX Open"]
[Date "2007.07.11"]
[Round "6"]
[White "Cuartas, Jorge Humberto"]
[Black "Benedic, Patrick"]
[Result "0-1"]
[WhiteElo "2236"]
[BlackElo "2053"]
[PlyCount "67"]
[EventDate "2007.07.??"]
[EventType "swiss"]
[EventRounds "9"]
[EventCountry "ESP"]

1. e4 e5 2. Nf3 Nc6 3. Bb5 a6 4. Ba4 Nf6 5. O-O Be7 6. Re1 b5 7. Bb3 d6 8. c3
O-O 9. h3 Na5 10. Bc2 c5 11. d4 Qc7 12. Nbd2 Rd8 13. Nf1 cxd4 14. cxd4 exd4 15.
Nxd4 d5 16. e5 Ne4 17. Nd2 Bc5 18. N2f3 Nc4 19. Re2 Bb7 20. e6 Qe7 21. exf7+
Qxf7 22. Qd3 Rd6 23. b3 Nb6 24. Be3 Nd7 25. a3 Rf8 26. b4 Bb6 27. Nb3 Bxe3 28.
Qxe3 Qh5 29. Rd1 Rdf6 30. Bxe4 dxe4 31. Qg5 Qf7 32. Nfd4 Rg6 33. Qf5 Qe8 34.
Qh5 0-1

[Event "Barbera del Valles"]
[Site "XXX Open"]
[Date "2007.07.11"]
[Round "6"]
[White "Barranco Montilla, Cristobal"]
[Black "Chamba, Antoine"]
[Result "0-1"]
[WhiteElo "2294"]
[BlackElo "2091"]
[PlyCount "112"]
[EventDate "2007.07.??"]
[EventType "swiss"]
[EventRounds "9"]
[EventCountry "ESP"]

1. d4 Nf6 2. Nc3 g6 3. e4 d6 4. Bf4 Bg7 5. Qd2 O-O 6. Bh6 e5 7. Bxg7 Kxg7 8.
O-O-O exd4 9. Qxd4 Nc6 10. Qd2 Qe7 11. Re1 Be6 12. f4 Rad8 13. f5 Bc8 14. Nf3
Ne5 15. Nxe5 dxe5 16. Bd3 c5 17. Qf2 a6 18. Qh4 Nd5 19. Qxe7 Nxe7 20. g4 b5 21.
Rhf1 f6 22. Re3 Bb7 23. Rd1 Nc8 24. Be2 Rd4 25. fxg6 hxg6 26. Re1 Nd6 27. Bf3
Rh8 28. Ne2 Ra4 29. Nc3 Rd4 30. Ne2 Ra4 31. b3 Rxa2 32. Kb1 Ra5 33. Rd1 Nf7 34.
Rd7 Bc8 35. Rc7 b4 36. Nc1 Be6 37. Re7 Bc8 38. Rc7 Be6 39. Re7 Bc8 40. Be2 Kf8
41. Rc7 Be6 42. h3 c4 43. Bxc4 Bxc4 44. Rxc4 Rb5 45. Rd3 Rb7 46. Rc6 Kg7 47.
Rxa6 Ng5 48. Rdd6 Nxe4 49. Rdc6 Rxh3 50. g5 fxg5 51. Rxg6+ Kh7 52. Kb2 Nc3 53.
Rxg5 e4 54. Re6 Rh1 55. Rg4 Ra7 56. Rgxe4 Ra2+ 0-1